Paesi che hanno vinto Eurovision Song Contest - Statistics

Statistiche generali
  • Questo quiz è stato fatto 162 volte
    71 dall'ultimo reset
  • Il punteggio medio è 61 su 69
Statistiche sulle risposte
Anno Nazione % Corretto
1969 Francia - Paesi Bassi -Regno Unito - Spagna
100%
2021 Italia
100%
1990 Italia
100%
1964 Italia
100%
2017 Portogallo
98%
2008 Russia
98%
2023 Svezia
98%
2015 Svezia
98%
2012 Svezia
98%
1999 Svezia
98%
1991 Svezia
98%
1984 Svezia
98%
1974 Svezia
98%
2025 Austria
97%
2014 Austria
97%
1966 Austria
97%
2019 Paesi Bassi
97%
1975 Paesi Bassi
97%
1959 Paesi Bassi
97%
1957 Paesi Bassi
97%
1968 Spagna
97%
2024 Svizzera
97%
1988 Svizzera
97%
1956 Svizzera
97%
2006 Finlandia
95%
2010 Germania
95%
1982 Germania (Ovest)
95%
2009 Norvegia
93%
1995 Norvegia
93%
1985 Norvegia
93%
1997 Regno Unito
93%
1981 Regno Unito
93%
1976 Regno Unito
93%
1967 Regno Unito
93%
2022 Ucraina
93%
2016 Ucraina
93%
2004 Ucraina
93%
1977 Francia
92%
1962 Francia
92%
1960 Francia
92%
1858 Francia
92%
2005 Grecia
87%
1996 Irlanda
85%
1994 Irlanda
85%
1993 Irlanda
85%
1992 Irlanda
85%
1987 Irlanda
85%
1980 Irlanda
85%
1970 Irlanda
85%
1986 Belgio
84%
2001 Estonia
84%
2013 Danimarca
82%
2000 Danimarca
82%
1963 Danimarca
82%
2007 Serbia
80%
2018 Israele
79%
1998 Israele
79%
1979 Israele
79%
1978 Israele
79%
2002 Lettonia
79%
1983 Lussemburgo
79%
1973 Lussemburgo
79%
1972 Lussemburgo
79%
1965 Lussemburgo
79%
1961 Lussemburgo
79%
2003 Turchia
64%
1971 Principato di Monaco
54%
2011 Azerbaigian
39%
1989 Jugoslavia
39%
Nessun quiz corrispondente trovato
Distribuzione punteggi
Percentuale di utenti per punteggio
Percentile per numero di risposta
I tuoi punteggi nel tempo
Non hai fatto questo quiz dall'ultimo reset